00520 a2200169 4500003000500000005001700005040000900022082001400031100002700045245004600072260003400118300001400152538003000166942001200196999001900208952012300227Nust20230208142949.0 cNust a954.6,MAT aBerkely Mather9108742 aThe Pass beyond kashmir /cBerkely Mather aLondonbSt James place c1960 a320 pages aAlmirah No.63 Shelf No.1 2ddccBK c194040d194040 00102ddc4070aMCSbMCScGENd2016-12-12o954.6,MATpMCS29053r2016-12-08w2016-12-12yBKzAlmirah No.61, Shelf No.6